000 00419nam a22001697a 4500
005 20160528122756.0
008 160528b xxu||||| |||| 00| 0 eng d
020 _a81-7722-520-0
041 _aeng
082 _b5803
100 _aPride, William M. O.C. Ferrell
_91453
245 _aMarketing Concepts and Strategics
260 _aNew Delhi
_bBigtantra,
300 _a750
650 _aManagement
_9241
942 _cBK
999 _c2057
_d2056